Mosby's Dental Dictionary / (Record no. 35235)

MARC details
000 -LEADER
fixed length control field 00505nam a22001817a 4500
005 - DATE AND TIME OF LATEST TRANSACTION
control field 20240306101513.0
008 - FIXED-LENGTH DATA ELEMENTS--GENERAL INFORMATION
fixed length control field 240306b |||||||| |||| 00| 0 eng d
020 ## - INTERNATIONAL STANDARD BOOK NUMBER
ISBN 9788131237458
082 ## - DEWEY DECIMAL CLASSIFICATION NUMBER
Classification number 617.6003
Item number MOS-D
100 ## - MAIN ENTRY--AUTHOR
Author Name Mosby
245 ## - TITLE STATEMENT
Title Mosby's Dental Dictionary /
Statement of responsibility, etc. Mosby
250 ## - EDITION STATEMENT
Edition statement 1st ed.
260 ## - PUBLICATION, DISTRIBUTION, ETC.
Place of Publication India :
Name of publisher, distributor, etc. Elsevier ;
Date of publication, distribution, etc. 2014 .
300 ## - PHYSICAL DESCRIPTION
Pages xiv , 809 p. :
500 ## - GENERAL NOTE
General note Include color atlas & illustration credits.
650 ## - SUBJECT ADDED ENTRY--TOPICAL TERM
Subject / Department Medical / Dentistry
300 ## - PHYSICAL DESCRIPTION
-- ill ;
-- 18.8 cm.
952 ## - LOCATION AND ITEM INFORMATION (KOHA)
-- 0
-- 0
952 ## - LOCATION AND ITEM INFORMATION (KOHA)
-- 0
-- 0
952 ## - LOCATION AND ITEM INFORMATION (KOHA)
-- 0
-- 0
Holdings
Lost status Damaged status Collection code Permanent Location Current Location Shelving Location Date acquired Full Call Number Accession No./Barcode Date last seen Copy number item type Koha item type
    Medical Superior Information Resource Center (SIRC) Superior University- Central Library Superior Information Resource Center (SIRC) Superior University- Central Library Dentistry 03/06/2024 617.6003 MOS-D 2014 13430 03/06/2024 1 BOOK BOOK
    Medical Superior Information Resource Center (SIRC) Superior University- Central Library Superior Information Resource Center (SIRC) Superior University- Central Library Dentistry 03/06/2024 617.6003 MOS-D 2014 13431 03/06/2024 2 BOOK BOOK
    Medical Superior Information Resource Center (SIRC) Superior University- Central Library Superior Information Resource Center (SIRC) Superior University- Central Library Dentistry 03/06/2024 617.6003 MOS-D 2014 13432 03/06/2024 3 BOOK BOOK

Powered by Koha